Fihris makhṭūṭāt Dār al-Kutub al-Ẓāhirīyah : al-Tārīkh wa-mulḥaqātuh /
Main Author:
Format: Book
Language: Arabic
Published:
Dimashq :
Majmaʻ al-Lughah al-ʻArabīyah bi-Dimashq,
1947.
Series:
Maṭbūʻāt al-Majmaʻ al-ʻIlmī al-ʻArabī bi-Dimashq.
Subjects:
Tags: Add Tag
Call Number: Z6621 .D3 A8 v.1
| LEADER | 01206nam a2200253Ia 4500 | ||
|---|---|---|---|
| 003 | OSt | ||
| 005 | 20240404121638.0 | ||
| 008 | 130303s1947 sy c 001 0 ara d | ||
| 952 | |0 0 |1 0 |2 lcc |4 0 |6 Z6621 D3 A8 V.00001 |7 1 |9 29046 |a ARCE |b ARCE |d 2022-01-25 |l 0 |o Z6621.D3 A8 v.1 |r 2022-01-25 00:00:00 |w 2022-01-25 |y BK | ||
| 999 | |c 27251 |d 27251 | ||
| 040 | |c ARCE Library | ||
| 043 | |a a-sy--- | ||
| 050 | 4 | |a Z6621 .D3 A8 v.1 | |
| 100 | 1 | |6 880-01 |a ʻIshsh, Yūsuf, |e author |9 32944 | |
| 245 | 1 | 0 | |6 880-02 |a Fihris makhṭūṭāt Dār al-Kutub al-Ẓāhirīyah : |b al-Tārīkh wa-mulḥaqātuh / |c waḍaʻahu Yūsuf al-ʻUshsh. |
| 264 | 1 | |a Dimashq : |b Majmaʻ al-Lughah al-ʻArabīyah bi-Dimashq, |c 1947. | |
| 300 | |a volume <1> ; |c 25 cm. | ||
| 490 | 0 | |a Maṭbūʻāt al-Majmaʻ al-ʻIlmī al-ʻArabī bi-Dimashq. | |
| 610 | 2 | 0 | |a Dār al-Kutub al-Ẓāhirīyah |v Catalogs. |
| 650 | 0 | |a Manuscripts, Arabic |z Syria |z Damascus |v Catalogs. | |
| 880 | 1 | |6 100-01/(3/r |a عش، يوسف | |
| 880 | 1 | 0 | |6 245-02/(3/r |a فهرس مخطوطات دار الكتب الظاهرية : |b التاريخ و ملحقاته |c وضعه يوسف العش |
| 901 | |a reviewed | ||
| 942 | |c BK |2 lcc | ||
